| 000 | 00436nam a2200181Ia 4500 | ||
|---|---|---|---|
| 001 | 3869 | ||
| 005 | 20260306145715.0 | ||
| 008 | 260306t2000||||xx |||||||||||||| ||spa|| | ||
| 041 | _aESP | ||
| 082 |
_a304.230985 _bG48 |
||
| 100 |
_aGuzmán Herrera, José _eAUT |
||
| 245 | 0 | _aDel espacio y el movimiento socio-político en el Ande | |
| 260 | _c2000 | ||
| 300 |
_a _c |
||
| 650 | _aGEN | ||
| 654 | _aCHU | ||
| 942 |
_cLIB _dJUS _fJUS _2ddc _n |
||
| 999 |
_c3869 _d3869 |
||